<?xml version="1.0" encoding="UTF-8"?>
<record
    xmlns:xsi="http://www.w3.org/2001/XMLSchema-instance"
    xsi:schemaLocation="http://www.loc.gov/MARC21/slim http://www.loc.gov/standards/marcxml/schema/MARC21slim.xsd"
    xmlns="http://www.loc.gov/MARC21/slim">

  <leader>00970nab a2200289 uc4500</leader>
  <controlfield tag="001">700854</controlfield>
  <controlfield tag="005">20260329100149.0</controlfield>
  <controlfield tag="008">011022e19961001                    eng  </controlfield>
  <datafield tag="035" ind1=" " ind2=" ">
    <subfield code="a">700854</subfield>
  </datafield>
  <datafield tag="035" ind1=" " ind2=" ">
    <subfield code="a">(OCoLC)819920139</subfield>
  </datafield>
  <datafield tag="040" ind1=" " ind2=" ">
    <subfield code="c">comduadb</subfield>
  </datafield>
  <datafield tag="041" ind1=" " ind2=" ">
    <subfield code="a">eng</subfield>
  </datafield>
  <datafield tag="100" ind1="1" ind2="0">
    <subfield code="a">Courtney, Michael</subfield>
    <subfield code="4">aut</subfield>
    <subfield code="e">aut</subfield>
    <subfield code="9">524529</subfield>
  </datafield>
  <datafield tag="245" ind1="1" ind2="0">
    <subfield code="a">Talking to learn : selecting and using peer group oral tasks</subfield>
  </datafield>
  <datafield tag="650" ind1=" " ind2="7">
    <subfield code="a">Ense&#xF1;anza</subfield>
    <subfield code="2">unescot</subfield>
    <subfield code="9">51811</subfield>
  </datafield>
  <datafield tag="650" ind1=" " ind2=" ">
    <subfield code="a">Teaching</subfield>
    <subfield code="9">79832</subfield>
  </datafield>
  <datafield tag="650" ind1=" " ind2="7">
    <subfield code="a">Aprendizaje</subfield>
    <subfield code="2">lemb</subfield>
    <subfield code="9">43900</subfield>
  </datafield>
  <datafield tag="650" ind1=" " ind2=" ">
    <subfield code="a">Learning</subfield>
    <subfield code="9">79833</subfield>
  </datafield>
  <datafield tag="650" ind1=" " ind2=" ">
    <subfield code="a">Examenes orales</subfield>
    <subfield code="9">82492</subfield>
  </datafield>
  <datafield tag="650" ind1=" " ind2=" ">
    <subfield code="a">Oral examinations</subfield>
    <subfield code="9">80461</subfield>
  </datafield>
  <datafield tag="650" ind1=" " ind2=" ">
    <subfield code="a">Ingles - Conversacion</subfield>
    <subfield code="9">2367</subfield>
  </datafield>
  <datafield tag="650" ind1=" " ind2=" ">
    <subfield code="a">English language conversation</subfield>
    <subfield code="9">112666</subfield>
  </datafield>
  <datafield tag="650" ind1=" " ind2="7">
    <subfield code="a">Adquisici&#xF3;n de segundo lenguaje</subfield>
    <subfield code="2">lemb</subfield>
    <subfield code="9">73658</subfield>
  </datafield>
  <datafield tag="650" ind1=" " ind2="7">
    <subfield code="a">Adquisici&#xF3;n de segundo lenguaje</subfield>
    <subfield code="2">lemb</subfield>
    <subfield code="9">73658</subfield>
  </datafield>
  <datafield tag="773" ind1="0" ind2=" ">
    <subfield code="t">ELT Journal (United States)</subfield>
    <subfield code="g">Vol. 50, No.04, Oct. 1996, p. 318-326</subfield>
    <subfield code="w">684079</subfield>
    <subfield code="x">0951-0893</subfield>
    <subfield code="0">204158</subfield>
  </datafield>
  <datafield tag="942" ind1=" " ind2=" ">
    <subfield code="c">ARIMP</subfield>
  </datafield>
  <datafield tag="999" ind1=" " ind2=" ">
    <subfield code="c">212924</subfield>
    <subfield code="d">212924</subfield>
  </datafield>
</record>
